00520nam a2200085Ia 4500008004100000245003500041300027600076650001600352856006600368170517s9999 xx 000 0 und d aSweet Misery: A Poisoned World aAspartame is an artificial sweetener, an additive. And it's a chemical. It's not a natural product, it's a chemical. The molecule is made up of three components. Two are amino acids, the so-called building blocks of protein. One is called Phenylalanine, which is about... xTechnology. uhttp://topdocumentaryfilms.com/sweet-misery-a-poisoned-world/